• 首页
  • 本馆介绍
  • 公告通知
  • 最新文献
  • 馆藏检索
  • 电子资源
  • 读者导购
  • 参考咨询
  • 我的图书馆
  • 登录
  • 详细信息显示
  • 放入我的书架
  • 预约/预借图书
  • 作者相关作品
  • 分类相关作品
  • 丛书相关作品
  • 出版社相关作品

书目信息

  • 表格格式
  • 工作单格式
  • 卡片格式
题名:
中国人民大学中国社会发展研究报告
    
 
作者: 郑杭生 , 李路路 主编
分册:   走向更加和谐的社会
出版信息: 北京   中国人民大学出版社  2005
页数: 291页
开本: 24cm
丛书名:
单 册:
中图分类: D669 , K270.7 , D66
科图分类:
主题词: 社会发展--研究报告--中国--2005 , 社会问题--研究报告--中国--2005 , 政治--中国
电子资源:
ISBN: 7-300-06280-6
000 01348nam0 2200313 450
000 01328nam0 2200289 450
000 01259nam0 2200265 450
000 01223oam2 2200253 45
005 20070724090058.98
010    @a7-300-06280-6@dCNY38.00
100    @a20070719d2005 em y0chiy0120 ea
101 0  @achi
102    @aCN@b110000
105    @ay z 000yy
200 1  @a中国人民大学中国社会发展研究报告@AZhong Guo Ren Min Da Xue Zhong Guo She Hui Fa Zhan Yan Jiu Bao Gao@e2005@i走向更加和谐的社会@IZou Xiang Geng Jia He Xie De She Hui@f郑杭生,李路路主编@FZheng Hang Sheng, Li Lu Lu Zhu Bian
210    @a北京@c中国人民大学出版社@d2005
215    @a291页@d24cm
330    @a本书内含:社会结构与社会和谐、城市社会的阶层结构、城市居民的收入分配、城市居民的生活机会、城市居民的生活方式与社会交往、城市居民的阶层意识与社会认同、城市移民与社会整合、农村居民的社会分化等十一章内容。
510 1  @aResearch Reports on China Social Development. 2002, Moving towards a More Harmonious Society@zeng
606 0  @a社会发展@x研究报告@y中国@z2005
606 0  @a社会问题@x研究报告@y中国@z2005
606 0  @a政治@x中国
690    @aD669@v4
690    @aK270.7@v4
690    @aD66@v3
701  0 @a郑杭生@AZheng Hang Sheng@f(1936~)@4主编
701  0 @a李路路@ALi Lu Lu@f(1954~)@4主编
801  0 @aCN@bTAOJIN@c20070724
905    @a10447@dD66@e94
    
    中国人民大学中国社会发展研究报告:2005.走向更加和谐的社会/郑杭生,李路路主编.-北京:中国人民大学出版社,2005
    291页;24cm
    
    
    ISBN 7-300-06280-6:CNY38.00
    本书内含:社会结构与社会和谐、城市社会的阶层结构、城市居民的收入分配、城市居民的生活机会、城市居民的生活方式与社会交往、城市居民的阶层意识与社会认同、城市移民与社会整合、农村居民的社会分化等十一章内容。
●
相关链接 在E读中查询图书 在五车中查询图书 在当当中查询图书 在豆瓣中查询图书


正题名:中国人民大学中国社会发展研究报告     索取号:D66/94         预约/预借

序号 登录号 条形码 馆藏地/架位号 状态 备注
1 0823932   208239324   第一样本阅览室/ [索取号:D66/94] 在馆    
2 0823933   208239333   密集书库/ [索取号:D66/94] 在馆    
3 0823934   208239342   密集书库/ [索取号:D66/94] 在馆    
4 0823935   208239351   密集书库/ [索取号:D66/94] 在馆    
5 0823936   208239360   第一借阅区/ [索取号:D66/94] 在馆    
6 0823937   208239379   第一借阅区/ [索取号:D66/94] 在馆    
7 0823938   208239388   第一借阅区/ [索取号:D66/94] 在馆    
8 0823939   208239397   第一借阅区/ [索取号:D66/94] 在馆    
唐山师范学院图书馆 欢迎您!
大连网信软件有限公司© 版权所有